000 00250nam a2200097Ia 4500
001 819631
005 20250826171816.0
008 250824s9999 xx 000 0 und d
245 0 _aYETERİNCE TEMBEL MİSİN
_cTUĞBA COŞKUNER
260 _bCEZVE YAYINLARI
999 _c819631
_d819631